[Event "NZL-ch Rapid 129th"]
[Site "Christchurch"]
[Date "2022.01.12"]
[Round "8"]
[White "Xie, Felix"]
[Black "McNabb, Matthew David"]
[Result "1-0"]
[WhiteElo "2166"]
[BlackElo "2029"]
[PlyCount "47"]
[EventDate "2022.01.11"]
[EventType "swiss (rapid)"]
[EventRounds "9"]
[EventCountry "NZL"]
[SourceTitle "CBM 206 Extra"]
[Source "ChessBase"]
[SourceDate "2022.03.31"]
[SourceVersion "1"]
[SourceVersionDate "2022.03.31"]
[SourceQuality "1"]

1. d4 d5 2. c4 c6 3. cxd5 cxd5 4. Nc3 Nc6 5. Bf4 e5 6. Bxe5 Nxe5 7. dxe5 d4 8. Qa4+ b5 9. Nxb5 Bd7 10. Qa6 Qb8 11. e3 Bb4+ 12. Kd1 dxe3 13. Nf3 Ne7 14. a3 Qd8 15. axb4 Bxb5+ 16. Qd6 Bxf1 17. Rxf1 Qc8 18. Rc1 Qf5 19. Ke2 Rd8 20. Qa6 0-0 21. fxe3 Nd5 22. Qc4 Nxb4 23. Qxb4 Qd3+ 24. Kf2 1-0

[Event "NZL-ch op 129th"]
[Site "Christchurch"]
[Date "2022.01.05"]
[Round "4"]
[White "McNabb, Matthew David"]
[Black "Rains, Edward"]
[Result "1/2-1/2"]
[WhiteElo "2029"]
[BlackElo "2004"]
[PlyCount "165"]
[EventDate "2022.01.02"]
[EventType "swiss"]
[EventRounds "9"]
[EventCountry "NZL"]
[SourceTitle "EXT 2023"]
[Source "ChessBase"]
[SourceDate "2022.10.05"]
[SourceVersion "1"]
[SourceVersionDate "2022.10.05"]
[SourceQuality "1"]

1. Nf3 d5 2. c4 c6 3. e3 Nf6 4. Nc3 e6 5. b3 Bd6 6. Qc2 0-0 7. Bb2 e5 8. cxd5 cxd5 9. Nb5 Nc6 10. Nxd6 Qxd6 11. Rc1 Bg4 12. Qc5 Qe6 13. Be2 Rac8 14. Qa3 e4 15. Ng1 Ne5 16. Bxe5 Qxe5 17. Bxg4 Nxg4 18. h3 Qh5 19. Ne2 Ne5 20. Nf4 Nd3+ 21. Nxd3 exd3 22. 0-0 Rc2 23. Rcd1 Qe2 24. Qb4 b6 25. Rfe1 Qh5 26. Qd4 Qf5 27. e4 dxe4 28. Rxe4 Rxa2 29. Qxd3 Qf6 30. Rd4 h6 31. Rd7 Qe6 32. Rc1 Qf6 33. Qd4 Qxd4 34. Rxd4 Re8 35. Kf1 Rb2 36. b4 Ra2 37. f3 Ra4 38. Rcc4 Re5 39. Kf2 b5 40. Rc8+ Kh7 41. Rc7 a5 42. Rxf7 Rxb4 43. Rxb4 axb4 44. Rf4 Kg6 45. Rxb4 Kf6 46. d4 Rd5 47. Ke3 Ke6 48. Ke4 Kd6 49. Rb2 Kc6 50. Rc2+ Kd6 51. Rc8 Rg5 52. g4 Kd7 53. Rc2 Rg6 54. Ra2 Rb6 55. Kd5 b4 56. Rb2 Rf6 57. Rb3 g5 58. Rd3 Rc6 59. Rb3 Rc3 60. Rxb4 Rxf3 61. Rb7+ Kc8 62. Rh7 Rxh3 63. Ke6 Re3+ 64. Kf5 Rf3+ 65. Kg6 Rf4 66. Kh5 Rxd4 67. Rxh6 Kd8 68. Kxg5 Ke7 69. Ra6 Kf7 70. Ra7+ Kg8 71. Kh5 Rd5+ 72. g5 Rd6 73. Ra8+ Kg7 74. Ra7+ Kg8 75. Rb7 Rc6 76. Rd7 Rb6 77. Kg4 Rb5 78. Kh5 Rb6 79. g6 Rb1 80. Rd8+ Kg7 81. Rd7+ Kg8 82. Kh6 Rh1+ 83. Kg5 1/2-1/2

[Event "South Island-ch"]
[Site "Dunedin"]
[Date "2020.10.04"]
[Round "2"]
[White "Jellyman, Riley"]
[Black "McNabb, Matthew David"]
[Result "0-1"]
[WhiteElo "1855"]
[BlackElo "2016"]
[PlyCount "116"]
[EventDate "2020.10.03"]
[EventType "swiss"]
[EventRounds "7"]
[EventCountry "NZL"]
[SourceTitle "EXT 2024"]
[Source "ChessBase"]
[SourceDate "2023.10.10"]
[SourceVersion "1"]
[SourceVersionDate "2023.10.10"]
[SourceQuality "1"]

1. e4 c6 2. Nc3 d5 3. Nf3 dxe4 4. Nxe4 Nf6 5. Qe2 Nxe4 6. Qxe4 Nd7 7. Bc4 Nf6 8. Ne5 e6 9. Qe2 Be7 10. 0-0 0-0 11. c3 Qc7 12. d4 b5 13. Bd3 Bb7 14. Be3 b4 15. cxb4 Bxb4 16. a3 Bd6 17. f4 Rad8 18. g3 c5 19. Rac1 Ba8 20. Nf3 c4 21. Bxc4 Qa5 22. Ne5 Rc8 23. Bb5 Nd5 24. Bf2 Bxe5 25. dxe5 Bb7 26. Bd3 Nxf4 27. gxf4 Qd5 28. Bg3 Rxc1 29. Rxc1 Qh1+ 30. Kf2 Qxc1 31. Qc2 Qxc2+ 32. Bxc2 Rc8 33. Bd3 Bd5 34. Ke3 h6 35. Be1 Rc1 36. Kd2 Rc7 37. Ke3 Bb3 38. Bc3 Bc4 39. Bc2 a6 40. Bb1 Rd7 41. Bc2 Rd5 42. Bd4 Kf8 43. Be4 Rb5 44. Bc2 Ke7 45. b4 Rd5 46. Be4 Rd8 47. Bc6 Rg8 48. h4 Bb5 49. Bc5+ Kd8 50. Bb6+ Kc8 51. Bxb5 axb5 52. Ke4 Kb7 53. Be3 Kc6 54. Bc1 Rd8 55. Be3 Rd1 56. Bd4 Re1+ 57. Kf3 Kd5 58. Bf2 Ra1 0-1

[Event "South Island-ch"]
[Site "Hanmer Springs"]
[Date "2019.10.05"]
[Round "1"]
[White "McNabb, Matthew David"]
[Black "Scarf, Rex"]
[Result "1-0"]
[WhiteElo "2000"]
[BlackElo "1572"]
[PlyCount "51"]
[EventDate "2019.10.05"]
[EventType "swiss"]
[EventRounds "9"]
[EventCountry "NZL"]
[SourceTitle "EXT 2023"]
[Source "ChessBase"]
[SourceDate "2022.10.05"]
[SourceVersion "1"]
[SourceVersionDate "2022.10.05"]
[SourceQuality "1"]

1. Nf3 Nc6 2. d4 d5 3. c4 e6 4. Nc3 Nf6 5. Bg5 Be7 6. e3 0-0 7. Rc1 Ne4 8. Bf4 Nxc3 9. bxc3 Bd6 10. Bg3 a6 11. Bd3 Na5 12. c5 Be7 13. Qc2 f5 14. Ne5 Bd7 15. c4 dxc4 16. Nxc4 Nxc4 17. Bxc4 Kh8 18. Qb3 Qc8 19. 0-0 Re8 20. Rb1 Rb8 21. Rfe1 Bf6 22. d5 exd5 23. Bxd5 Be6 24. Bxe6 Rxe6 25. Bxc7 Rxe3 26. fxe3 1-0

[Event "Henderson Trusts op 39th"]
[Site "Henderson"]
[Date "2016.06.06"]
[Round "6"]
[White "Cilia Vincenti, David"]
[Black "McNabb, Matthew David"]
[Result "0-1"]
[WhiteElo "2070"]
[BlackElo "2039"]
[PlyCount "44"]
[EventDate "2016.06.04"]
[EventType "swiss"]
[EventRounds "6"]
[EventCountry "NZL"]
[SourceTitle "EXT 2018"]
[Source "ChessBase"]
[SourceDate "2017.10.13"]
[SourceVersion "1"]
[SourceVersionDate "2017.10.13"]
[SourceQuality "1"]

1. d4 d5 2. c4 c6 3. Nc3 Nf6 4. e3 e6 5. Nf3 Nbd7 6. b3 Bb4 7. Bd2 0-0 8. Bd3 Bd6 9. 0-0 Re8 10. Qc2 a6 11. Rad1 e5 12. cxd5 cxd5 13. dxe5 Nxe5 14. Nxe5 Rxe5 15. f4 Rh5 16. Bc1 Bg4 17. Rde1 Rc8 18. Qb2 d4 19. exd4 Bb4 20. Na4 Bxe1 21. Rxe1 b5 22. Nc5 Rcxc5 0-1

[Event "Henderson Trusts op 39th"]
[Site "Henderson"]
[Date "2016.06.04"]
[Round "2"]
[White "McNabb, Matthew David"]
[Black "Garbett, Paul Anthony"]
[Result "1-0"]
[WhiteElo "2039"]
[BlackElo "2250"]
[PlyCount "74"]
[EventDate "2016.06.04"]
[EventType "swiss"]
[EventRounds "6"]
[EventCountry "NZL"]
[SourceTitle "EXT 2018"]
[Source "ChessBase"]
[SourceDate "2017.10.13"]
[SourceVersion "1"]
[SourceVersionDate "2017.10.13"]
[SourceQuality "1"]

1. Nf3 c5 2. c3 Nf6 3. d4 b6 4. Bg5 Ne4 5. Bf4 Bb7 6. e3 g6 7. dxc5 Nxc5 8. Be5 f6 9. Bg3 Bg7 10. Nbd2 0-0 11. Qc2 e5 12. h4 d5 13. h5 g5 14. h6 Bh8 15. b4 Ne6 16. e4 Rf7 17. exd5 Bxd5 18. Bd3 Nc6 19. Rd1 Rc8 20. Qb1 Ne7 21. c4 Bxf3 22. Nxf3 Qe8 23. 0-0 Qc6 24. Rfe1 Nf8 25. c5 bxc5 26. Bc4 cxb4 27. Bxf7+ Kxf7 28. Bxe5 fxe5 29. Nxg5+ Kg8 30. Qxb4 Nfg6 31. Qb3+ Qc4 32. Rd8+ Nf8 33. Rxc8 Qxb3 34. Rxf8+ Kxf8 35. axb3 Nf5 36. Ra1 Nxh6 37. Rxa7 Nf5 1-0

[Event "NZL-ch op 123rd"]
[Site "Auckland"]
[Date "2016.01.05"]
[Round "4"]
[White "James, Jack"]
[Black "McNabb, Matthew David"]
[Result "0-1"]
[WhiteElo "1935"]
[BlackElo "2083"]
[PlyCount "66"]
[EventDate "2016.01.02"]
[EventType "swiss"]
[EventRounds "9"]
[EventCountry "NZL"]
[SourceTitle "CBM 170 Extra"]
[Source "ChessBase"]
[SourceDate "2016.02.25"]
[SourceVersion "1"]
[SourceVersionDate "2016.02.25"]
[SourceQuality "1"]

1. e4 c5 2. Nc3 d6 3. f4 Nc6 4. Nf3 g6 5. Bc4 Bg7 6. 0-0 Nf6 7. d3 0-0 8. Qe1 e6 9. f5 d5 10. Bb3 c4 11. e5 cxb3 12. exf6 Bxf6 13. Bh6 Bg7 14. Bxg7 Kxg7 15. fxg6 hxg6 16. axb3 Bd7 17. Ra4 f6 18. Rh4 Rh8 19. Rg4 Qc7 20. d4 Raf8 21. Qe3 Ne7 22. Rf4 Nf5 23. Qd2 Bc6 24. Rg4 Qd6 25. Re1 Re8 26. Qe2 Bd7 27. Qf2 e5 28. dxe5 fxe5 29. Qxa7 e4 30. Qxb7 exf3 31. Rxe8 Rxe8 32. Qxd5 Qb6+ 33. Rd4 Qxd4+ 0-1

[Event "Queenstown op"]
[Site "Queenstown"]
[Date "2009.01.24"]
[Round "10"]
[White "McNabb, Matthew David"]
[Black "Stojic, Svetozar"]
[Result "1-0"]
[WhiteElo "2095"]
[BlackElo "1972"]
[PlyCount "65"]
[EventDate "2009.01.15"]
[EventType "swiss"]
[EventRounds "10"]
[EventCountry "NZL"]
[SourceTitle "CBM 128 Extra"]
[Source "ChessBase"]
[SourceDate "2009.03.05"]
[SourceVersion "2"]
[SourceVersionDate "2009.03.25"]
[SourceQuality "1"]

1. c4 Nf6 2. d4 g6 3. Nc3 Bg7 4. e4 d6 5. Nf3 0-0 6. Be2 Na6 7. 0-0 c5 8. d5 e6 9. Be3 exd5 10. cxd5 Nc7 11. Nd2 Rb8 12. a4 b6 13. Nc4 Re8 14. e5 dxe5 15. d6 Na6 16. Bg5 h6 17. f4 hxg5 18. Nxe5 Nb4 19. Nxf7 Kxf7 20. fxg5 Kg8 21. gxf6 Bxf6 22. Nb5 Bf5 23. Rxf5 gxf5 24. Bc4+ Kg7 25. Qh5 Qd7 26. Ra3 Re4 27. Rh3 Kf8 28. Qg6 Re6 29. Bxe6 Qxe6 30. Rh8+ Bxh8 31. Qxe6 a6 32. d7 Rd8 33. Nd6 1-0

[Event "Queenstown op"]
[Site "Queenstown"]
[Date "2009.01.21"]
[Round "7"]
[White "Watson, Jeremy"]
[Black "McNabb, Matthew David"]
[Result "1/2-1/2"]
[WhiteElo "1986"]
[BlackElo "2095"]
[PlyCount "64"]
[EventDate "2009.01.15"]
[EventType "swiss"]
[EventRounds "10"]
[EventCountry "NZL"]
[SourceTitle "CBM 128 Extra"]
[Source "ChessBase"]
[SourceDate "2009.03.05"]
[SourceVersion "2"]
[SourceVersionDate "2009.03.25"]
[SourceQuality "1"]

1. d4 d5 2. Nf3 Nf6 3. c4 c6 4. cxd5 cxd5 5. Nc3 Nc6 6. Bf4 a6 7. e3 e6 8. Bd3 Be7 9. 0-0 b5 10. Rc1 Bb7 11. Ne5 Nxe5 12. Bxe5 0-0 13. Qe2 Rc8 14. a4 b4 15. Nb1 Qa5 16. Bxf6 Bxf6 17. b3 Qb6 18. Qb2 Qd6 19. f4 a5 20. Rxc8 Rxc8 21. Rc1 Qd8 22. Nd2 Be7 23. Rxc8 Qxc8 24. Qc2 Qxc2 25. Bxc2 Ba6 26. Nf3 f6 27. Ne1 Bd6 28. Bd3 Bxd3 29. Nxd3 g5 30. Kf2 Kf7 31. g3 g4 32. Ke2 Kg6 1/2-1/2

[Event "Queenstown op"]
[Site "Queenstown"]
[Date "2009.01.16"]
[Round "2"]
[White "McNabb, Matthew David"]
[Black "Wohl, Aleksandar H"]
[Result "1/2-1/2"]
[WhiteElo "2095"]
[BlackElo "2342"]
[PlyCount "99"]
[EventDate "2009.01.15"]
[EventType "swiss"]
[EventRounds "10"]
[EventCountry "NZL"]
[SourceTitle "CBM 128 Extra"]
[Source "ChessBase"]
[SourceDate "2009.03.05"]
[SourceVersion "2"]
[SourceVersionDate "2009.03.25"]
[SourceQuality "1"]

1. d4 Nf6 2. c4 c5 3. d5 e5 4. Nc3 d6 5. e4 Be7 6. Be2 0-0 7. Be3 Na6 8. g4 Nc7 9. g5 Nfe8 10. h4 a6 11. Qd2 f5 12. exf5 Bxf5 13. Bd3 Qd7 14. Nge2 b5 15. b3 bxc4 16. bxc4 Rb8 17. Ng3 Bxd3 18. Qxd3 Qg4 19. Qe4 Qxe4 20. Ngxe4 Rb4 21. Nd2 g6 22. a3 Rb8 23. Nde4 Ng7 24. Ke2 Na8 25. Rab1 Nb6 26. Kd3 Nh5 27. Rb2 Nd7 28. Rhb1 Rxb2 29. Rxb2 Rb8 30. Rxb8+ Nxb8 31. Nxd6 Bxd6 32. Ne4 Bf8 33. Nxc5 Nf4+ 34. Ke4 Ng2 35. Ne6 Nxe3 36. fxe3 Bxa3 37. c5 Nd7 38. c6 Nb6 39. Kxe5 a5 40. Nd4 Kf7 41. Nb5 Bb2+ 42. Kd6 a4 43. Kc5 Na8 44. d6 a3 45. c7 a2 46. c8Q a1Q 47. Qd7+ Kg8 48. Qe8+ Kg7 49. Qe7+ Kg8 50. Qe8+ 1/2-1/2